00545nam a2200169Ia 4500003000400000008004100004040001600045082002100061100004100082245009800123300001100221490003900232650001500271650003400286650001900320650003600339GCL140319s9999 xx 000 0 ara d aGCL / cGCL04aقb071.9bع ص1 aعبداللطيف احمد حمزة10aالصحافة المصرية فى مائة عام / cعبداللطيف احمد حمزة a127 ص aالمكتبة الثقافيةv004aتاريخ04aالصحافة المصرية04aالصحافة04aالوقائع المصرية